El método simplificado del ajuste contable por inflación. Resolución C.P.C.E.C.F. 183/79 (Registro nro. 23470)

Detalles MARC
000 -LEADER
fixed length control field 00430 a2200121 4500
001 - CONTROL NUMBER
control field ART_8649
005 - DATE AND TIME OF LATEST TRANSACTION
control field 20260410161834.0
008 - FIXED-LENGTH DATA ELEMENTS--GENERAL INFORMATION
fixed length control field 260409a
100 1# - MAIN ENTRY--PERSONAL NAME
Personal name Senderovich, Isaac Aizik
245 10 - TITLE STATEMENT
Title El método simplificado del ajuste contable por inflación. Resolución C.P.C.E.C.F. 183/79
700 1# - ADDED ENTRY--PERSONAL NAME
Personal name Telias, Alejandro J.
773 0# - HOST ITEM ENTRY
Title Contabilidad y administración
Related parts - Año 3, Nº 30 (dic. 1979)
Record control number REV5485

No hay ítems disponibles.